|
|
แสดงรายละเอียดบรรณานุกรม |
|
|
Brief Record
: Get Marc (ISO 2709)
: E-mail record
: |
| LEADER 00000nama 2200000uu 4500 | |||
| 008 040531s|||| th m m a000 0 tha d | |||
| 020 974-7155-82-6 | |||
| 041 tha | |||
| 050 วจ RT81.T5 พ249 | |||
| 100 พรพิมล พงษ์พัฒนอำไพ. | |||
| 260 มหาสารคาม. วิทยาลัยพยาบาลศรีมหาสารคาม. 2549. | |||
| 300 215แผ่น. | |||
| 600 การพยาบาล--การศึกษาและการสอน--วิจัย. | |||
| 650 นักศึกษาพยาบาล--ไทย--มหาสารคาม--วิจัย. | |||
| 995 004 | |||
| คุณยังไม่ได้ล็อกอิน คุณสามารถมีกิจกรรมร่วมกับเว็บไซต์ได้ แต่ต้องล็อกอินก่อน :: |
|
| สถานะ | |||||||||
| 1. | หนังสือทั่วไป | วจ RT81.T5 พ249 | On Shelf ขอยืม | ||||||
| [แสดง 1/1 รายการ] | |||||||||
BibComment |
| คอมเมนท์ทรัพยากรรายการนี้ |
|
|